[Event "Team Championship (women rapid)"]
[Site "Sochi"]
[Date "2017.10.03"]
[Round "3.7"]
[White "Belova, Olga"]
[Black "Chekletsova, Darya"]
[Result "1-0"]
[LiveChessVersion "1.4.8"]
[BlackElo "1591"]
[WhiteElo "2158"]

1. e4 {[%clk 0:15:18]} c5 {[%clk 0:15:19]} 2. Nf3 {[%clk 0:15:26]} d6
{[%clk 0:15:28]} 3. d4 {[%clk 0:15:34]} cxd4 {[%clk 0:15:37]} 4. Nxd4
{[%clk 0:15:43]} Nf6 {[%clk 0:15:45]} 5. Nc3 {[%clk 0:15:51]} a6 {[%clk 0:15:54]}
6. Be2 {[%clk 0:16:00]} e6 {[%clk 0:16:00]} 7. O-O {[%clk 0:16:04]} Be7
{[%clk 0:15:42]} 8. f4 {[%clk 0:16:06]} O-O {[%clk 0:15:49]} 9. Kh1
{[%clk 0:16:14]} Nbd7 {[%clk 0:15:56]} 10. a4 {[%clk 0:14:57]} Qc7
{[%clk 0:15:43]} 11. Qe1 {[%clk 0:14:50]} b6 {[%clk 0:15:31]} 12. Qg3
{[%clk 0:14:42]} Kh8 {[%clk 0:15:09]} 13. Bd2 {[%clk 0:12:54]} Bb7
{[%clk 0:15:12]} 14. Bd3 {[%clk 0:11:28]} Rac8 {[%clk 0:14:37]} 15. Rae1
{[%clk 0:11:32]} Nh5 {[%clk 0:11:14]} 16. Qh3 {[%clk 0:11:16]} Nhf6
{[%clk 0:10:37]} 17. e5 {[%clk 0:09:34]} dxe5 {[%clk 0:10:42]} 18. fxe5
{[%clk 0:09:43]} Nxe5 {[%clk 0:10:46]} 19. Bf4 {[%clk 0:09:51]} Bd6
{[%clk 0:10:48]} 20. Bxe5 {[%clk 0:03:22]} Bxe5 {[%clk 0:10:30]} 21. Rxf6
{[%clk 0:03:29]} g6 {[%clk 0:10:27]} 22. Nxe6 {[%clk 0:02:23]} fxe6
{[%clk 0:10:27]} 23. Rxe6 {[%clk 0:02:28]} Bxc3 {[%clk 0:08:51]} 24. Re7
{[%clk 0:02:18]} Bxe1 {[%clk 0:08:48]} 25. Qxh7# {[%clk 0:02:25]} 1-0

[Event "Team Championship (women rapid)"]
[Site "Sochi"]
[Date "2017.10.03"]
[Round "3.8"]
[White "Murzina, Agata"]
[Black "Shafigullina, Zarina"]
[Result "0-1"]
[LiveChessVersion "1.4.8"]
[BlackElo "2080"]
[WhiteElo "1707"]

1. e4 {[%clk 0:15:18]} c5 {[%clk 0:15:19]} 2. Nf3 {[%clk 0:15:25]} Nc6
{[%clk 0:15:27]} 3. d4 {[%clk 0:15:25]} cxd4 {[%clk 0:15:36]} 4. Nxd4
{[%clk 0:15:32]} Nf6 {[%clk 0:15:44]} 5. Nc3 {[%clk 0:15:37]} e5 {[%clk 0:15:53]}
6. Ndb5 {[%clk 0:14:45]} d6 {[%clk 0:16:01]} 7. Bg5 {[%clk 0:14:53]} a6
{[%clk 0:16:10]} 8. Bxf6 {[%clk 0:14:39]} gxf6 {[%clk 0:16:19]} 9. Na3
{[%clk 0:14:47]} b5 {[%clk 0:15:59]} 10. Nd5 {[%clk 0:14:32]} Bg7
{[%clk 0:16:04]} 11. Be2 {[%clk 0:13:42]} Nd4 {[%clk 0:15:25]} 12. c3
{[%clk 0:12:52]} Nxe2 {[%clk 0:15:31]} 13. Qxe2 {[%clk 0:13:01]} O-O
{[%clk 0:14:40]} 14. Nc2 {[%clk 0:12:55]} f5 {[%clk 0:14:28]} 15. f3
{[%clk 0:12:34]} fxe4 {[%clk 0:12:49]} 16. fxe4 {[%clk 0:12:42]} Qh4+
{[%clk 0:12:45]} 17. g3 {[%clk 0:12:08]} Qg5 {[%clk 0:12:17]} 18. O-O
{[%clk 0:11:28]} Kh8 {[%clk 0:12:02]} 19. Nb6 {[%clk 0:11:11]} Bg4
{[%clk 0:09:08]} 20. Qd3 {[%clk 0:11:19]} Rad8 {[%clk 0:08:17]} 21. Ne3
{[%clk 0:11:05]} Bh3 {[%clk 0:04:28]} 22. Rf2 {[%clk 0:11:00]} f5
{[%clk 0:03:27]} 23. Nxf5 {[%clk 0:09:15]} Bxf5 {[%clk 0:03:26]} 24. exf5
{[%clk 0:03:32]} Qg4 {[%clk 0:02:32]} 25. Re1 {[%clk 0:02:59]} Bf6
{[%clk 0:01:57]} 26. Nd5 {[%clk 0:02:42]} Qg5 {[%clk 0:02:00]} 27. Kh1
{[%clk 0:01:57]} Rd7 {[%clk 0:01:56]} 28. Re4 {[%clk 0:01:04]} Qc1+
{[%clk 0:01:59]} 29. Kg2 {[%clk 0:01:10]} Qg5 {[%clk 0:01:48]} 30. Ne3
{[%clk 0:00:56]} d5 {[%clk 0:01:23]} 31. Rg4 {[%clk 0:00:24]} Qh6
{[%clk 0:01:26]} 32. Rd2 {[%clk 0:00:16]} Bg5 {[%clk 0:00:53]} 0-1

[Event "Team Championship (women rapid)"]
[Site "Sochi"]
[Date "2017.10.03"]
[Round "3.9"]
[White "Strukova, Ksenia"]
[Black "Ubiennykh, Ekaterina"]
[Result "1/2-1/2"]
[LiveChessVersion "1.4.8"]
[BlackElo "2329"]
[WhiteElo "1824"]

1. e4 {[%clk 0:15:19]} c5 {[%clk 0:15:16]} 2. Nc3 {[%clk 0:15:28]} Nc6
{[%clk 0:15:25]} 3. d3 {[%clk 0:15:37]} g6 {[%clk 0:15:27]} 4. g3
{[%clk 0:15:46]} Bg7 {[%clk 0:15:35]} 5. Bg2 {[%clk 0:15:55]} d6 {[%clk 0:15:42]}
6. f4 {[%clk 0:16:04]} Rb8 {[%clk 0:15:44]} 7. a4 {[%clk 0:16:10]} h5
{[%clk 0:15:12]} 8. h3 {[%clk 0:15:49]} Bd7 {[%clk 0:13:59]} 9. Nf3
{[%clk 0:14:35]} Qc8 {[%clk 0:14:08]} 10. Be3 {[%clk 0:13:23]} Nd4
{[%clk 0:14:11]} 11. Bxd4 {[%clk 0:09:40]} cxd4 {[%clk 0:14:19]} 12. Ne2
{[%clk 0:08:22]} e5 {[%clk 0:14:02]} 13. fxe5 dxe5 14. c3 {[%clk 0:06:51]} Qc5
{[%clk 0:13:53]} 15. cxd4 {[%clk 0:06:12]} exd4 {[%clk 0:13:59]} 16. O-O
{[%clk 0:05:55]} Ne7 {[%clk 0:14:05]} 17. Nf4 {[%clk 0:04:41]} O-O
{[%clk 0:14:03]} 18. Qb3 {[%clk 0:04:23]} Qd6 {[%clk 0:13:41]} 19. Rae1
{[%clk 0:03:53]} Nc6 20. h4 {[%clk 0:02:26]} Ne5 {[%clk 0:12:15]} 21. Nxe5
{[%clk 0:02:22]} Bxe5 {[%clk 0:12:24]} 22. Ra1 {[%clk 0:01:32]} a5
{[%clk 0:12:19]} 23. Qd5 {[%clk 0:01:23]} Qxd5 {[%clk 0:11:40]} 24. Nxd5
{[%clk 0:01:12]} Kg7 {[%clk 0:11:46]} 25. Kh2 {[%clk 0:01:15]} b5
{[%clk 0:11:49]} 26. axb5 {[%clk 0:00:42]} Rxb5 {[%clk 0:11:57]} 27. Ra2
{[%clk 0:00:38]} a4 {[%clk 0:12:00]} 28. Nf4 {[%clk 0:00:24]} Rb3
{[%clk 0:11:58]} 29. Rd1 {[%clk 0:00:24]} Rc8 {[%clk 0:11:56]} 30. Rd2
{[%clk 0:00:30]} Rc1 {[%clk 0:12:01]} 31. Bf3 {[%clk 0:00:22]} Rb4
{[%clk 0:11:55]} 32. Kg2 {[%clk 0:00:26]} Rb1 {[%clk 0:11:21]} 33. Nd5
{[%clk 0:00:22]} Rb3 {[%clk 0:10:59]} 34. Bd1 {[%clk 0:00:19]} Rb7
{[%clk 0:10:59]} 35. Bxa4 {[%clk 0:00:28]} Bxa4 {[%clk 0:10:50]} 36. Rxa4
{[%clk 0:00:28]} R7xb2 {[%clk 0:10:53]} 37. Ra2 {[%clk 0:00:31]} Rb7
{[%clk 0:08:55]} 38. Rf2 {[%clk 0:00:31]} Rd1 {[%clk 0:08:29]} 39. Rad2
{[%clk 0:00:34]} Rbb1 {[%clk 0:08:12]} 40. Rxd1 {[%clk 0:00:18]} Rxd1
{[%clk 0:08:20]} 41. Rf3 {[%clk 0:00:15]} Rd2+ {[%clk 0:08:27]} 42. Kg1
{[%clk 0:00:14]} f6 {[%clk 0:07:51]} 43. Nb6 {[%clk 0:00:16]} Rd1+
{[%clk 0:07:11]} 44. Kg2 {[%clk 0:00:25]} Bd6 {[%clk 0:06:55]} 45. Nd5
{[%clk 0:00:28]} Be5 {[%clk 0:06:55]} 46. Nb6 {[%clk 0:00:37]} Rd2+
{[%clk 0:06:30]} 47. Kg1 {[%clk 0:00:46]} Ra2 {[%clk 0:06:27]} 48. Nc4
{[%clk 0:00:48]} Bc7 {[%clk 0:06:31]} 49. Rf2 {[%clk 0:00:39]} Ra1+
{[%clk 0:06:37]} 50. Kg2 {[%clk 0:00:49]} Rd1 {[%clk 0:06:45]} 51. Rd2
{[%clk 0:00:49]} Rc1 {[%clk 0:06:27]} 52. Rb2 {[%clk 0:00:46]} Kh6
{[%clk 0:06:22]} 53. Rf2 {[%clk 0:00:54]} Rd1 {[%clk 0:05:28]} 54. Rd2
{[%clk 0:00:54]} Re1 {[%clk 0:05:26]} 55. Rf2 {[%clk 0:00:53]} Bd8
{[%clk 0:05:27]} 56. Rf1 Rxf1 {[%clk 0:05:32]} 57. Kxf1 {[%clk 0:00:49]} g5
{[%clk 0:05:08]} 58. hxg5+ {[%clk 0:00:23]} fxg5 {[%clk 0:05:08]} 59. Nd6
{[%clk 0:00:23]} Bc7 {[%clk 0:04:39]} 60. Nf5+ {[%clk 0:00:23]} Kg6
{[%clk 0:04:47]} 61. Kg2 {[%clk 0:00:20]} Be5 {[%clk 0:04:56]} 62. Ne7+
{[%clk 0:00:16]} Kf7 {[%clk 0:04:59]} 63. Nf5 {[%clk 0:00:13]} Ke6
{[%clk 0:05:04]} 64. Kf3 {[%clk 0:00:13]} Kd7 {[%clk 0:05:10]} 65. Nh6
{[%clk 0:00:14]} Kc6 {[%clk 0:04:06]} 66. Nf7 {[%clk 0:00:17]} g4+
{[%clk 0:04:15]} 67. Kf2 {[%clk 0:00:12]} Bf6 {[%clk 0:04:19]} 68. Nh6
{[%clk 0:00:13]} Kc5 {[%clk 0:04:09]} 69. Ke2 {[%clk 0:00:22]} Be5 70. Nf5 Kb4
{[%clk 0:04:15]} 71. Kd2 {[%clk 0:00:13]} Bf6 {[%clk 0:04:11]} 72. Kc2
{[%clk 0:00:14]} Be5 {[%clk 0:04:13]} 73. Kb2 {[%clk 0:00:23]} h4
{[%clk 0:02:24]} 74. Nxh4 {[%clk 0:00:21]} Bxg3 {[%clk 0:02:05]} 75. Ng2
{[%clk 0:00:27]} Ka4 {[%clk 0:01:56]} 76. Ka2 {[%clk 0:00:21]} Bc7
{[%clk 0:01:59]} 77. Kb2 {[%clk 0:00:16]} Kb4 {[%clk 0:02:03]} 78. Ne1
{[%clk 0:00:13]} Bd6 {[%clk 0:01:53]} 79. Nc2+ {[%clk 0:00:18]} Ka4
{[%clk 0:02:01]} 80. Ne1 {[%clk 0:00:20]} Bg3 {[%clk 0:02:09]} 81. Ng2 Kb4
{[%clk 0:02:18]} 82. Kc2 {[%clk 0:00:19]} Ka3 {[%clk 0:02:25]} 83. Kc1
{[%clk 0:00:23]} Kb3 {[%clk 0:02:22]} 84. Kd2 {[%clk 0:00:15]} Bd6
{[%clk 0:02:26]} 85. Ke2 {[%clk 0:00:16]} Kc3 {[%clk 0:02:19]} 86. Nh4 Bf4 87.
Nf5 {[%clk 0:00:12]} Be5 {[%clk 0:02:21]} 88. Nh4 {[%clk 0:00:15]} Kc2
{[%clk 0:01:57]} 89. Ng6 Bd6 90. e5 {[%clk 0:00:22]} Bc5 {[%clk 0:02:02]} 91. e6
{[%clk 0:00:16]} g3 {[%clk 0:02:05]} 92. Nf4 {[%clk 0:00:15]} Bd6
{[%clk 0:01:52]} 93. Kf3 {[%clk 0:00:15]} Kd2 {[%clk 0:01:56]} 94. Kxg3
{[%clk 0:00:12]} Ke3 {[%clk 0:01:56]} 95. Kg4 {[%clk 0:00:21]} Ba3
{[%clk 0:01:41]} 96. Kf5 {[%clk 0:00:19]} Bf8 {[%clk 0:01:49]} 97. Ng6
{[%clk 0:00:19]} Ba3 {[%clk 0:01:54]} 98. Ne5 {[%clk 0:00:18]} Be7
{[%clk 0:01:57]} 1/2-1/2

[Event "Team Championship (women rapid)"]
[Site "Sochi"]
[Date "2017.10.03"]
[Round "3.10"]
[White "Bivol, Alina"]
[Black "Granovskaya, Ekaterina"]
[Result "1-0"]
[LiveChessVersion "1.4.8"]
[BlackElo "1722"]
[WhiteElo "2310"]

1. Nf3 {[%clk 0:15:19]} d5 {[%clk 0:15:14]} 2. g3 {[%clk 0:15:28]} Nf6
{[%clk 0:15:14]} 3. Bg2 {[%clk 0:15:37]} c6 {[%clk 0:12:19]} 4. O-O
{[%clk 0:15:44]} Bf5 {[%clk 0:12:26]} 5. d3 {[%clk 0:15:52]} h6 {[%clk 0:12:33]}
6. c4 {[%clk 0:15:59]} e6 {[%clk 0:12:38]} 7. cxd5 {[%clk 0:16:07]} exd5
{[%clk 0:11:07]} 8. Qb3 {[%clk 0:16:14]} Qb6 {[%clk 0:10:52]} 9. Qc2
{[%clk 0:16:20]} Be7 {[%clk 0:10:33]} 10. Nc3 {[%clk 0:16:27]} O-O
{[%clk 0:10:12]} 11. e4 {[%clk 0:16:35]} dxe4 {[%clk 0:10:11]} 12. dxe4
{[%clk 0:16:44]} Bg6 {[%clk 0:10:18]} 13. Be3 {[%clk 0:16:48]} Qb4
{[%clk 0:09:52]} 14. Nh4 {[%clk 0:16:31]} Bh7 {[%clk 0:09:54]} 15. Nf5
{[%clk 0:16:28]} Bxf5 {[%clk 0:08:38]} 16. exf5 {[%clk 0:16:37]} Nbd7
{[%clk 0:08:32]} 17. Rad1 {[%clk 0:16:22]} Qa5 {[%clk 0:08:03]} 18. h3
{[%clk 0:16:00]} Rfd8 {[%clk 0:06:39]} 19. a3 {[%clk 0:15:57]} Ne5
{[%clk 0:06:18]} 20. Bf4 {[%clk 0:15:59]} Nc4 {[%clk 0:05:23]} 21. Qe2
{[%clk 0:15:41]} Bxa3 {[%clk 0:02:44]} 22. Qxc4 {[%clk 0:15:12]} Bxb2
{[%clk 0:02:51]} 23. Ne2 {[%clk 0:14:35]} Qxf5 {[%clk 0:02:29]} 24. Rb1
{[%clk 0:14:32]} Be5 {[%clk 0:02:05]} 25. g4 {[%clk 0:13:17]} Nxg4
{[%clk 0:01:44]} 26. hxg4 {[%clk 0:13:24]} Qxg4 {[%clk 0:01:51]} 27. Rxb7
{[%clk 0:13:13]} Rf8 {[%clk 0:01:47]} 28. Qe4 {[%clk 0:13:11]} Bxf4
{[%clk 0:01:18]} 29. Nxf4 {[%clk 0:13:19]} g5 {[%clk 0:01:12]} 30. Nd3
{[%clk 0:13:16]} Qxe4 {[%clk 0:01:06]} 31. Bxe4 {[%clk 0:13:25]} Rfc8
{[%clk 0:01:12]} 32. Rc1 {[%clk 0:13:00]} Rab8 {[%clk 0:00:58]} 33. Rxb8
{[%clk 0:13:03]} Rxb8 {[%clk 0:01:06]} 34. Rxc6 {[%clk 0:13:10]} Re8
{[%clk 0:01:04]} 35. Bf5 {[%clk 0:13:11]} Kg7 {[%clk 0:00:52]} 36. Rc7
{[%clk 0:12:21]} a5 {[%clk 0:00:57]} 37. Ra7 {[%clk 0:12:23]} Rd8
{[%clk 0:00:59]} 38. Rxa5 {[%clk 0:12:24]} 1-0

[Event "Team Championship (women rapid)"]
[Site "Sochi"]
[Date "2017.10.03"]
[Round "3.11"]
[White "Ilyina, Lada"]
[Black "Travkina, Anastasia"]
[Result "0-1"]
[LiveChessVersion "1.4.8"]
[BlackElo "2180"]
[WhiteElo "1804"]

1. e4 {[%clk 0:15:16]} c5 {[%clk 0:15:19]} 2. Nf3 {[%clk 0:15:24]} d6
{[%clk 0:15:29]} 3. Bb5+ {[%clk 0:15:33]} Nd7 {[%clk 0:15:36]} 4. O-O
{[%clk 0:15:38]} a6 {[%clk 0:15:45]} 5. Bxd7+ {[%clk 0:15:37]} Bxd7
{[%clk 0:15:50]} 6. Nc3 {[%clk 0:15:41]} Nf6 {[%clk 0:15:46]} 7. d4
{[%clk 0:15:26]} cxd4 {[%clk 0:15:45]} 8. Nxd4 {[%clk 0:15:32]} e6
{[%clk 0:14:50]} 9. Be3 {[%clk 0:15:08]} Be7 {[%clk 0:14:49]} 10. h3
{[%clk 0:15:06]} O-O {[%clk 0:14:54]} 11. Qd2 {[%clk 0:14:53]} Qc7
{[%clk 0:14:30]} 12. f4 {[%clk 0:13:58]} Bc6 {[%clk 0:13:55]} 13. Nxc6
{[%clk 0:12:53]} bxc6 {[%clk 0:13:56]} 14. g4 {[%clk 0:11:34]} Nd7
{[%clk 0:12:31]} 15. f5 {[%clk 0:11:08]} d5 {[%clk 0:10:41]} 16. Kg2
{[%clk 0:09:31]} exf5 {[%clk 0:05:35]} 17. exf5 {[%clk 0:09:08]} Rad8
{[%clk 0:04:47]} 18. g5 {[%clk 0:07:45]} Rfe8 {[%clk 0:01:20]} 19. Bd4
{[%clk 0:06:50]} c5 {[%clk 0:01:01]} 20. f6 {[%clk 0:06:05]} cxd4
{[%clk 0:00:37]} 21. fxe7 {[%clk 0:05:59]} Rxe7 {[%clk 0:00:45]} 22. Qxd4
{[%clk 0:05:48]} Ne5 {[%clk 0:00:27]} 23. Rae1 {[%clk 0:04:25]} Nc6
{[%clk 0:00:27]} 24. Rxe7 {[%clk 0:03:48]} Nxe7 {[%clk 0:00:22]} 25. Qf4
{[%clk 0:00:58]} Qxf4 {[%clk 0:00:29]} 26. Rxf4 {[%clk 0:01:07]} d4
{[%clk 0:00:28]} 27. Ne4 {[%clk 0:00:45]} Nd5 {[%clk 0:00:32]} 28. Rf2
{[%clk 0:00:48]} Ne3+ {[%clk 0:00:40]} 29. Kg3 {[%clk 0:00:22]} Nd1
{[%clk 0:00:45]} 30. Rd2 {[%clk 0:00:25]} Ne3 {[%clk 0:00:46]} 31. h4
{[%clk 0:00:19]} Nf1+ {[%clk 0:00:54]} 32. Kf2 {[%clk 0:00:26]} Nxd2
{[%clk 0:01:02]} 33. Nxd2 {[%clk 0:00:35]} Rc8 {[%clk 0:01:10]} 34. c3
{[%clk 0:00:23]} dxc3 {[%clk 0:01:18]} 35. bxc3 {[%clk 0:00:32]} Rxc3
{[%clk 0:01:27]} 36. Ke1 {[%clk 0:00:14]} Rc1+ {[%clk 0:01:34]} 37. Ke2
{[%clk 0:00:19]} Rc2 {[%clk 0:01:42]} 38. a3 {[%clk 0:00:19]} Ra2
{[%clk 0:01:50]} 0-1

[Event "Team Championship (women rapid)"]
[Site "Sochi"]
[Date "2017.10.03"]
[Round "3.12"]
[White "Tomilova, Elena"]
[Black "Nur-Mukhametova, Alisa"]
[Result "1-0"]
[LiveChessVersion "1.4.8"]
[BlackElo "1683"]
[WhiteElo "2260"]

1. c4 {[%clk 0:15:17]} e5 {[%clk 0:15:18]} 2. g3 {[%clk 0:15:26]} d6
{[%clk 0:15:23]} 3. Bg2 {[%clk 0:15:34]} f5 {[%clk 0:15:26]} 4. Nc3
{[%clk 0:15:38]} Nf6 {[%clk 0:15:32]} 5. e3 {[%clk 0:15:41]} g6 {[%clk 0:15:34]}
6. Nge2 {[%clk 0:15:45]} Bg7 {[%clk 0:15:41]} 7. d3 {[%clk 0:15:50]} O-O
{[%clk 0:15:40]} 8. Rb1 {[%clk 0:15:54]} a5 {[%clk 0:12:59]} 9. a3
{[%clk 0:16:01]} c6 {[%clk 0:12:48]} 10. b4 {[%clk 0:16:04]} axb4
{[%clk 0:12:45]} 11. axb4 {[%clk 0:16:12]} Be6 {[%clk 0:12:10]} 12. b5
{[%clk 0:15:54]} d5 {[%clk 0:11:02]} 13. bxc6 {[%clk 0:14:53]} bxc6
{[%clk 0:11:02]} 14. cxd5 {[%clk 0:14:58]} cxd5 {[%clk 0:10:59]} 15. O-O
{[%clk 0:13:59]} Nc6 {[%clk 0:10:19]} 16. Bd2 {[%clk 0:12:15]} Qd7
{[%clk 0:08:14]} 17. Na4 {[%clk 0:11:52]} Qe7 {[%clk 0:07:00]} 18. Qc2
{[%clk 0:11:34]} Rac8 {[%clk 0:06:18]} 19. Qc5 {[%clk 0:09:45]} Rfe8
{[%clk 0:03:48]} 20. Rfc1 {[%clk 0:09:15]} Nd4 {[%clk 0:02:41]} 21. exd4
{[%clk 0:08:11]} Rxc5 {[%clk 0:02:43]} 22. Nxc5 {[%clk 0:08:15]} Bf7
{[%clk 0:01:25]} 23. Rb7 {[%clk 0:07:45]} Qd6 {[%clk 0:01:16]} 24. dxe5
{[%clk 0:07:10]} Qxe5 {[%clk 0:01:05]} 25. Bf3 {[%clk 0:07:02]} Qd6
{[%clk 0:00:49]} 26. Bf4 {[%clk 0:06:58]} Qd8 {[%clk 0:00:53]} 27. Nd4
{[%clk 0:06:55]} Nh5 {[%clk 0:00:26]} 28. Nc6 {[%clk 0:06:20]} Qa8
{[%clk 0:00:36]} 29. Be3 {[%clk 0:04:08]} Bf8 {[%clk 0:00:16]} 30. Rcb1
{[%clk 0:04:03]} Qa3 {[%clk 0:00:13]} 31. R7b3 {[%clk 0:03:34]} Qa8
{[%clk 0:00:21]} 32. Rb7 {[%clk 0:02:48]} Qa3 {[%clk 0:00:30]} 33. Nd7
{[%clk 0:02:45]} Bd6 {[%clk 0:00:23]} 34. Bxh5 {[%clk 0:02:48]} gxh5
{[%clk 0:00:25]} 35. Nf6+ {[%clk 0:02:56]} Kf8 {[%clk 0:00:26]} 36. Bh6#
{[%clk 0:03:00]} 1-0

[Event "Team Championship (women rapid)"]
[Site "Sochi"]
[Date "2017.10.03"]
[Round "4.1"]
[White "Garifullina, Leya"]
[Black "Strukova, Ksenia"]
[Result "1/2-1/2"]
[LiveChessVersion "1.4.8"]
[BlackElo "1824"]
[WhiteElo "1840"]

1. e4 {[%clk 0:15:05]} c5 {[%clk 0:15:19]} 2. Nf3 {[%clk 0:15:11]} e6
{[%clk 0:15:28]} 3. d4 {[%clk 0:15:15]} cxd4 {[%clk 0:15:36]} 4. Nxd4
{[%clk 0:15:23]} a6 {[%clk 0:15:45]} 5. Bd3 {[%clk 0:15:28]} Qc7 {[%clk 0:15:50]}
6. O-O {[%clk 0:15:30]} Nf6 {[%clk 0:15:59]} 7. Qe2 {[%clk 0:15:39]} d6
{[%clk 0:16:08]} 8. c4 {[%clk 0:15:43]} g6 {[%clk 0:16:17]} 9. Nc3
{[%clk 0:15:45]} Bg7 {[%clk 0:16:26]} 10. Rd1 {[%clk 0:15:49]} O-O
{[%clk 0:16:30]} 11. Nf3 {[%clk 0:15:50]} Nbd7 {[%clk 0:15:52]} 12. Bf4
{[%clk 0:15:34]} Nh5 {[%clk 0:15:07]} 13. Be3 {[%clk 0:15:42]} b6
{[%clk 0:15:15]} 14. Rac1 {[%clk 0:14:32]} Bb7 {[%clk 0:15:20]} 15. b3
{[%clk 0:11:18]} Nc5 {[%clk 0:13:24]} 16. Nd2 {[%clk 0:08:40]} Rfd8
{[%clk 0:11:47]} 17. Bb1 {[%clk 0:08:01]} Rac8 {[%clk 0:10:53]} 18. b4
{[%clk 0:06:57]} Nd7 {[%clk 0:11:03]} 19. f3 {[%clk 0:06:31]} Qb8
{[%clk 0:10:01]} 20. Na4 {[%clk 0:05:33]} Ba8 {[%clk 0:07:49]} 21. Qf2
{[%clk 0:04:07]} b5 {[%clk 0:07:58]} 22. Nb6 {[%clk 0:03:42]} Nxb6
{[%clk 0:06:40]} 23. Bxb6 {[%clk 0:03:50]} Rd7 {[%clk 0:05:18]} 24. cxb5
{[%clk 0:03:09]} Rxc1 {[%clk 0:04:50]} 25. Rxc1 {[%clk 0:03:15]} Bh6
{[%clk 0:03:08]} 26. Be3 {[%clk 0:02:43]} Bxe3 {[%clk 0:03:12]} 27. Qxe3
{[%clk 0:02:51]} axb5 {[%clk 0:03:17]} 28. Nb3 {[%clk 0:01:08]} Nf6
{[%clk 0:02:10]} 29. Qc3 {[%clk 0:00:58]} Ne8 {[%clk 0:02:16]} 30. Qc8
{[%clk 0:00:26]} Qb6+ {[%clk 0:01:50]} 31. Kh1 {[%clk 0:00:17]} Rd8
{[%clk 0:01:59]} 32. Qc3 {[%clk 0:00:24]} Bb7 {[%clk 0:01:07]} 33. Qd2
{[%clk 0:00:23]} d5 {[%clk 0:00:40]} 34. e5 {[%clk 0:00:31]} Qa7 {[%clk 0:00:22]}
35. Bd3 {[%clk 0:00:30]} Qb8 {[%clk 0:00:13]} 36. f4 {[%clk 0:00:34]} d4
{[%clk 0:00:14]} 37. Qe2 {[%clk 0:00:22]} Nc7 {[%clk 0:00:13]} 38. Na5
{[%clk 0:00:24]} Bd5 {[%clk 0:00:17]} 39. a3 {[%clk 0:00:28]} Qb6
{[%clk 0:00:12]} 40. Rc5 {[%clk 0:00:28]} Rb8 {[%clk 0:00:17]} 41. Qc2
{[%clk 0:00:35]} Ne8 {[%clk 0:00:12]} 42. Rxb5 {[%clk 0:00:42]} Qa7
{[%clk 0:00:17]} 43. Rc5 {[%clk 0:00:42]} Qa8 {[%clk 0:00:17]} 44. h3
{[%clk 0:00:37]} Ng7 {[%clk 0:00:22]} 45. Kh2 {[%clk 0:00:45]} Nh5
{[%clk 0:00:20]} 46. Qd2 {[%clk 0:00:41]} Bxg2 {[%clk 0:00:15]} 47. Nb3
{[%clk 0:00:14]} Bh1 {[%clk 0:00:18]} 48. Qf2 {[%clk 0:00:12]} Nxf4
{[%clk 0:00:18]} 49. Bc4 {[%clk 0:00:17]} d3 {[%clk 0:00:15]} 50. Nd2
{[%clk 0:00:17]} Rd8 {[%clk 0:00:13]} 51. Ra5 {[%clk 0:00:20]} Qc6
{[%clk 0:00:13]} 52. Rc5 {[%clk 0:00:23]} Qa8 {[%clk 0:00:20]} 53. Ra5
{[%clk 0:00:32]} Qb7 {[%clk 0:00:19]} 54. Rb5 {[%clk 0:00:38]} Qc6
{[%clk 0:00:24]} 55. Rc5 {[%clk 0:00:44]} Qa8 {[%clk 0:00:19]} 56. Ra5
{[%clk 0:00:45]} Qc6 {[%clk 0:00:23]} 57. Rc5 {[%clk 0:00:53]} Qa8
{[%clk 0:00:33]} 58. Ra5 {[%clk 0:01:02]} Qc6 {[%clk 0:00:33]} 59. Rc5
{[%clk 0:01:11]} Qb7 {[%clk 0:00:39]} 60. Rb5 {[%clk 0:01:12]} Qc6
{[%clk 0:00:47]} 61. Rc5 {[%clk 0:01:21]} Qa8 {[%clk 0:00:54]} 62. Ra5
{[%clk 0:01:30]} Qc6 {[%clk 0:00:58]} 63. b5 {[%clk 0:01:08]} Qb7
{[%clk 0:00:51]} 64. Ra7 {[%clk 0:01:16]} Qg2+ {[%clk 0:00:28]} 65. Qxg2
{[%clk 0:01:24]} Bxg2 {[%clk 0:00:36]} 66. Kg3 {[%clk 0:01:26]} g5
{[%clk 0:00:45]} 67. h4 {[%clk 0:01:19]} h6 {[%clk 0:00:54]} 68. hxg5
{[%clk 0:01:28]} hxg5 {[%clk 0:01:03]} 69. a4 {[%clk 0:01:05]} Bd5
{[%clk 0:00:38]} 70. Bxd5 {[%clk 0:01:13]} Nxd5 {[%clk 0:00:45]} 71. a5
{[%clk 0:01:20]} Rb8 {[%clk 0:00:39]} 72. b6 {[%clk 0:01:23]} Nxb6
{[%clk 0:00:22]} 73. axb6 {[%clk 0:01:22]} Rxb6 {[%clk 0:00:32]} 74. Ra3
{[%clk 0:01:14]} Rb5 {[%clk 0:00:29]} 75. Nf3 {[%clk 0:00:43]} Rd5
{[%clk 0:00:30]} 76. Ra2 {[%clk 0:00:41]} Kg7 {[%clk 0:00:28]} 77. Rd2
{[%clk 0:00:42]} Kg6 {[%clk 0:00:34]} 78. Kg4 {[%clk 0:00:50]} Rd8 1/2-1/2